000 00500nam a2200181Ia 4500
999 _c14226
_d14226
003 OSt
005 20201023111831.0
008 190216s9999||||xx |||||||||||||| ||und||
020 _a0425140318
040 _coclc
082 _a813.54
_bSAN/P
100 _aSanders, Lawrence
_96050
245 0 _aPrivate Pleasures /
_cLawrence Sanders
260 _bBerkley Books,
_c1994.
_aNew York:
300 _a325p
650 _aEnglish
942 _cBK
_2ddc
_h813.54
_iSAN/P
_k813.54
_mSAN/P